000 00704cam a2200217 a 4500
001 4887137
005 20260313121956.0
008 930325s1993 cou b 000 0 eng
020 _a1561791385
020 _a9781561791385
050 0 0 _aHQ755.85
_b.W77 1993
082 0 0 _a306.874
_220
100 1 _aWright, H. Norman.
245 1 0 _aI'll love you forever /
_cNorm and Joyce Wright.
260 _aColorado Springs, Colo. :
_bFocus on the Family Pub. ;
_aDallas, Tex. :
_bDistributed in the U.S.A. and Canada by Word Books,
_cc1993.
300 _a187 p. ;
_c25 cm.
650 0 _aParent and child.
650 0 _aParenting
_xPsychological aspects.
700 1 _aWright, Joyce,
_d1937-
942 _2lcc
_cBK
_n0
999 _c9017
_d9017